000 00937cam a22003017a 4500
003 CHAP
005 20220329134238.0
008 990413d1988 mx a r 00010 spa d
010 _a17543
011 _a18515
035 _a22600
040 _cCHAP
082 0 4 _a530
_bB46Y 1988
100 0 0 _aBeiser, Arthur.
_911312
245 1 0 _aFísica aplicada
_c/por Arthur Beiser
260 _aMéxico, D.F. :
_bMcGraw-Hill,
_c1988.
300 _a414 p. :
_bilus. ; gráfs.
500 _aTrad. de Schaum's outline of applied physics, 2 ed. de 1988
590 _aBATCH-UPD
_b10
_c20130110
_lUCH01
_h1405
590 _aBATCH-UPD
_b10
_c20130410
_lUCH01
_h0854
590 _aBATCH-UPD
_b10
_c20130914
_lUCH01
_h0557
590 _aCONVERSION
_b10
_c20130109
_lUCH01
_h1311
650 1 4 _aFísica.
_941975
901 _aBK
905 _aGuadalupe Pinto C.
942 _cLIBRO
949 _a530 B46Y 1988
_bBC
_cLIBRO
_d33724000940912
_eLIBRO
_h55327
_i22600
_so
999 _c17543
_d17543